| 000 -LEADER |
| fixed length control field |
nam a22 a 4500 |
| 003 - CONTROL NUMBER IDENTIFIER |
| control field |
AM-YeNLA |
| 005 - DATE AND TIME OF LATEST TRANSACTION |
| control field |
20251208162444.0 |
| 007 - PHYSICAL DESCRIPTION FIXED FIELD--GENERAL INFORMATION |
| fixed length control field |
ta |
| 008 - FIXED-LENGTH DATA ELEMENTS--GENERAL INFORMATION |
| fixed length control field |
251208s2025 ai a|||gr|||||000|0|arm|| |
| 020 ## - INTERNATIONAL STANDARD BOOK NUMBER |
| International Standard Book Number |
978-9939-876-68-9 blue |
| 040 ## - CATALOGING SOURCE |
| Language of cataloging |
arm |
| Transcribing agency |
AM-YeNLA |
| 041 0# - LANGUAGE CODE |
| Language code of text/sound track or separate title |
arm |
| 100 0# - MAIN ENTRY--PERSONAL NAME |
| 9 (RLIN) |
29972 |
| Personal name |
Գրիգոր Նարեկացի, |
| Dates associated with a name |
940-1003 |
| 245 10 - TITLE STATEMENT |
| Title |
Մատյան ողբերգության / |
| Statement of responsibility, etc. |
Սբ. Գրիգոր Նարեկացի ; Գրաբարից թարգմանեց՝ Մ. Խերանյան ; Հայաստանի Աստվածաշնչային ընկերություն․ |
| 246 10 - VARYING FORM OF TITLE |
| Title proper/short title |
Նարեկ |
| 260 ## - PUBLICATION, DISTRIBUTION, ETC. (IMPRINT) |
| Place of publication, distribution, etc. |
[Երևան] : |
| Name of publisher, distributor, etc. |
Հայաստանի Աստվածաշնչային ընկերություն, |
| Date of publication, distribution, etc. |
2025. |
| 300 ## - PHYSICAL DESCRIPTION |
| Extent |
671 էջ : |
| Other physical details |
նկարներ ; |
| Dimensions |
12 սմ. |
| 500 ## - GENERAL NOTE |
| General note |
Ոսկեզօծ կողեզրով։ |
| 650 14 - SUBJECT ADDED ENTRY--TOPICAL TERM |
| Topical term or geographic name as entry element |
Հայ միջնադարյան պոեզիա |
| 650 14 - SUBJECT ADDED ENTRY--TOPICAL TERM |
| Topical term or geographic name as entry element |
Քրիստոնեական աղոթքներ |
| 650 14 - SUBJECT ADDED ENTRY--TOPICAL TERM |
| Topical term or geographic name as entry element |
Աղոթագրքեր |
| 9 (RLIN) |
33602 |
| 700 1# - ADDED ENTRY--PERSONAL NAME |
| Personal name |
Խերանյան, Մկրտիչ |
| Relator code |
թարգմանիչ |
| Dates associated with a name |
trl |
| 9 (RLIN) |
29602 |
| 710 2# - ADDED ENTRY--CORPORATE NAME |
| Corporate name or jurisdiction name as entry element |
Հայաստանի Աստվածաշնչային ընկերություն |
| 942 ## - ADDED ENTRY ELEMENTS (KOHA) |
| Source of classification or shelving scheme |
|
| Koha item type |
Books |